000 00557nam a2200181Ia 4500
008 090630s9999 xx 000 0 und d
082 _b26459
100 _aपांडे आशा.
245 _aकबीर वचनामृत.
_cपांडे आशा.
260 _bऋचा.
_c2005
300 _a56
600 _aपांडे आशा.
630 _aकबीर वचनामृत.
655 _aधार्मिक.
700 _aपांडे आशा.
730 _aकबीर वचनामृत.
942 _cBOOK
999 _c278315
_d278315